Planirovanije v sisteme chozjajstvennogo mechanizma voprosy teorii i praktiki

Na minha lista:
Detalhes bibliográficos
Autor principal: Iščenko, Ivan Il'jič
Formato: Livro
Idioma:russo
Publicado em: Kijev Vyšča škola 1981
Tags: Adicionar Tag
Sem tags, seja o primeiro a adicionar uma tag!

MARC

LEADER 00000nam a2200000 4500
001 c129159
005 20041019155245.5
041 0 |a rus 
044 |a UA 
245 1 0 |a Planirovanije v sisteme chozjajstvennogo mechanizma  |b voprosy teorii i praktiki  |c Ivan Il'jič Iščenko 
264 1 |a Kijev  |b Vyšča škola  |c 1981 
300 |a 238 s. 
100 1 |a Iščenko, Ivan Il'jič